|
|
|
|
| LEADER |
00000caa a2200000 c 4500 |
| 001 |
1463983786 |
| 003 |
DE-627 |
| 005 |
20220601114015.0 |
| 007 |
tu |
| 008 |
131001s2013 xx ||||| 00| ||ger c |
| 020 |
|
|
|a 9783525604489
|
| 035 |
|
|
|a (DE-627)1463983786
|
| 035 |
|
|
|a (DE-576)393983781
|
| 035 |
|
|
|a (DE-599)BSZ393983781
|
| 040 |
|
|
|a DE-627
|b ger
|c DE-627
|e rakwb
|
| 041 |
|
|
|a ger
|
| 084 |
|
|
|a 0
|2 ssgn
|
| 100 |
1 |
|
|a Pezzoli, Valdo
|4 aut
|
| 245 |
1 |
0 |
|a Kleidung und Körpermodifikationen bei Jugendlichen
|b Identifikation oder Abgrenzung?
|c Valdo Pezzoli
|
| 264 |
|
1 |
|c 2013
|
| 336 |
|
|
|a Text
|b txt
|2 rdacontent
|
| 337 |
|
|
|a ohne Hilfsmittel zu benutzen
|b n
|2 rdamedia
|
| 338 |
|
|
|a Band
|b nc
|2 rdacarrier
|
| 601 |
|
|
|a Kleidung
|
| 601 |
|
|
|a Identifikation
|
| 773 |
0 |
8 |
|i In
|t Second Skin
|d Göttingen [u.a.] : Vandenhoeck & Ruprecht, 2013
|g (2013), Seite [41]-52
|h 303 S.
|w (DE-627)733422381
|w (DE-576)380842378
|z 3525604483
|z 9783525604489
|7 nnam
|
| 773 |
1 |
8 |
|g year:2013
|g pages:[41]-52
|
| 951 |
|
|
|a AR
|
| ELC |
|
|
|b 1
|
| ITA |
|
|
|a 1
|t 1
|
| LOK |
|
|
|0 000 xxxxxcx a22 zn 4500
|
| LOK |
|
|
|0 001 2845470835
|
| LOK |
|
|
|0 003 DE-627
|
| LOK |
|
|
|0 004 1463983786
|
| LOK |
|
|
|0 005 20150602153807
|
| LOK |
|
|
|0 008 150602||||||||||||||||ger|||||||
|
| LOK |
|
|
|0 040
|a DE-21
|c DE-627
|d DE-21
|
| LOK |
|
|
|0 852
|a DE-21
|
| LOK |
|
|
|0 852 1
|c 53 A 6445
|9 00
|
| LOK |
|
|
|0 939
|a 02-06-15
|b l01
|
| ORI |
|
|
|a SA-MARC-ixtheoa001.raw
|
| REL |
|
|
|a 1
|
| SUB |
|
|
|a REL
|